| 000 | 00409nmm a2200133Ia 4500 | ||
|---|---|---|---|
| 005 | 20241119151807.0 | ||
| 008 | 241119s9999||||xx |||||||||||||||||und|| | ||
| 100 | _aMorojele, Naleli Mpho Soledad | ||
| 245 | 0 | _aWomen Political Leaders in Rwanda and South Africa | |
| 260 |
_aVerlag Barbara Budrich _c2016 |
||
| 650 | _aHistory | ||
| 856 | _uhttps://www.jstor.org/stable/10.2307/j.ctvddzfsf | ||
| 942 | _cE-Book | ||
| 999 |
_c182719 _d182719 |
||